The wild side : Angry animals

שמור ב:
מידע ביבליוגרפי
מחבר ראשי: Billings, Henry
פורמט: ספר
שפה:Undetermined
יצא לאור: Lincolwood, Ill. Jamestown 1996
נושאים:
תגים: הוספת תג
אין תגיות, היה/י הראשונ/ה לתייג את הרשומה!
Thư viện lưu trữ: Trung tâm Học liệu Trường Đại học Cần Thơ
LEADER 00558nam a2200205Ia 4500
001 CTU_109889
008 210402s9999 xx 000 0 und d
082 |a 428.64 
082 |b B598 
100 |a Billings, Henry 
245 4 |a The wild side : 
245 0 |b Angry animals 
245 0 |c Henry Billings, Melissa Billings 
260 |a Lincolwood, Ill. 
260 |b Jamestown 
260 |c 1996 
650 |a English language,Readers 
650 |x Study and teaching 
904 |i Minh, Q. Hieu 
980 |a Trung tâm Học liệu Trường Đại học Cần Thơ